[Event "Nuremberg Zabo op 23rd"]
[Site "Nuremberg"]
[Date "2023.09.17"]
[Round "4"]
[White "Grimm, Pascal"]
[Black "Grasser, Stefan"]
[Result "1-0"]
[WhiteElo "1945"]
[BlackElo "1659"]
[PlyCount "85"]
[EventDate "2023.09.15"]
[EventType "swiss"]
[EventRounds "5"]
[EventCountry "GER"]
[SourceTitle "EXT 2024"]
[Source "ChessBase"]
[SourceDate "2023.10.10"]
[SourceVersion "1"]
[SourceVersionDate "2023.10.10"]
[SourceQuality "1"]

1. d4 d5 2. Bf4 e6 3. Nf3 Bd6 4. Bg3 f5 5. e3 Nf6 6. Bd3 0-0 7. Nbd2 Ne4 8. c3 c5 9. Bxd6 Qxd6 10. Ne5 Nc6 11. Ndf3 Nxe5 12. Nxe5 Ng5 13. f4 Nf7 14. 0-0 Nxe5 15. fxe5 Qe7 16. Qh5 Bd7 17. Rf3 Be8 18. Qh3 a6 19. a4 Ra7 20. g4 g6 21. gxf5 exf5 22. Qg2 Kh8 23. Rg3 b6 24. Qxd5 f4 25. exf4 Rxf4 26. Rf1 Rxf1+ 27. Bxf1 Bxa4 28. Bc4 Qe8 29. Qd6 Bb5 30. Rf3 Qe7 31. Rf8+ Kg7 32. Rf7+ Qxf7 33. Bxf7 Rxf7 34. Qxb6 cxd4 35. cxd4 Rf5 36. Qb7+ Rf7 37. Qe4 g5 38. d5 Rf4 39. Qe3 Kg6 40. e6 Kf5 41. h3 Re4 42. Qxe4+ Kxe4 43. d6 1-0

[Event "Mittelfranken-ch QT 66th"]
[Site "Uttenreuth"]
[Date "2017.04.12"]
[Round "1"]
[White "Luther, Helmut"]
[Black "Grasser, Stefan"]
[Result "1-0"]
[WhiteElo "2006"]
[BlackElo "1755"]
[PlyCount "171"]
[EventDate "2017.04.12"]
[EventType "swiss"]
[EventRounds "7"]
[EventCountry "GER"]
[SourceTitle "EXT 2020"]
[Source "ChessBase"]
[SourceDate "2019.10.17"]
[SourceVersion "1"]
[SourceVersionDate "2019.10.17"]
[SourceQuality "1"]

1. d4 b5 2. Nf3 Bb7 3. g3 Nf6 4. Bg2 e6 5. 0-0 Be7 6. Re1 d6 7. a4 a6 8. Nbd2 Ne4 9. Nxe4 Bxe4 10. axb5 axb5 11. Rxa8 Bxa8 12. e4 Nd7 13. Qe2 c6 14. Nd2 0-0 15. e5 Qb6 16. Nb3 c5 17. exd6 Bxd6 18. Bxa8 Rxa8 19. dxc5 Bxc5 20. Nxc5 Qxc5 21. Be3 Qc6 22. Bd4 Nf8 23. Qg4 Ng6 24. h4 e5 25. Bc3 Ra4 26. Qd1 f6 27. Qd8+ Nf8 28. Qd2 Ne6 29. Rd1 Nd4 30. Bxd4 Rxd4 31. Qe2 Qc4 32. Rd2 Kf8 33. b3 Qxe2 34. Rxe2 Kf7 35. Kf1 Rd5 36. Ke1 g6 37. Rd2 Ke6 38. c3 f5 39. Ra2 h6 40. Ke2 g5 41. Ra6+ Rd6 42. Rxd6+ Kxd6 43. h5 Kd5 44. f3 e4 45. Ke3 exf3 46. Kxf3 Ke5 47. Ke3 Kd5 48. Kd3 Kc5 49. c4 bxc4+ 50. bxc4 f4 51. gxf4 g4 52. f5 g3 53. f6 g2 54. f7 g1Q 55. f8Q+ Kc6 56. Qxh6+ Kb7 57. Qh7+ Kc8 58. Qf5+ Kb7 59. Qd5+ Kc8 60. Qf5+ Kc7 61. Qe5+ Kb7 62. Ke4 Qg2+ 63. Kf5 Qf3+ 64. Kg5 Qg2+ 65. Kf6 Qf3+ 66. Ke7 Qa3+ 67. c5 Kc6 68. Qd6+ Kb5 69. c6 Qe3+ 70. Qe6 Qg5+ 71. Kd6 Qd8+ 72. Qd7 Qf6+ 73. Kc7 Qe5+ 74. Kb7 Qe4 75. h6 Kc5 76. h7 Qb4+ 77. Kc8 Qa4 78. Qf5+ Kd6 79. Qf6+ Kc5 80. h8Q Qa6+ 81. Kd7 Qa7+ 82. Ke6 Qa2+ 83. Ke7 Qa7+ 84. Kf8 Qb8+ 85. Kf7 Qb3+ 86. Kg6 1-0

[Event "Forchheim op-B 15th"]
[Site "Forchheim"]
[Date "2016.10.02"]
[Round "4"]
[White "Lutz, Ruben"]
[Black "Grasser, Stefan"]
[Result "1-0"]
[WhiteElo "1846"]
[BlackElo "1756"]
[PlyCount "69"]
[EventDate "2016.10.01"]
[EventType "swiss"]
[EventRounds "5"]
[EventCountry "GER"]
[SourceTitle "EXT 2019"]
[Source "ChessBase"]
[SourceDate "2018.10.10"]
[SourceVersion "1"]
[SourceVersionDate "2018.10.10"]
[SourceQuality "1"]

1. d4 Nf6 2. Nf3 e6 3. Bg5 Be7 4. Nbd2 d5 5. e3 a6 6. Bd3 b5 7. c3 Nbd7 8. a4 b4 9. cxb4 Bxb4 10. 0-0 Bb7 11. Nb3 c5 12. dxc5 Nxc5 13. Nxc5 Bxc5 14. Rc1 Bd6 15. Nd2 h6 16. Bh4 g5 17. Bg3 h5 18. Bxd6 Qxd6 19. Qf3 Qe7 20. Qg3 e5 21. f3 Rg8 22. e4 h4 23. Qf2 d4 24. Rc2 Rc8 25. Rxc8+ Bxc8 26. Rc1 Bb7 27. Qf1 Rg6 28. Bxa6 Kf8 29. Bxb7 Qxb7 30. Rc2 Qa7 31. Rc8+ Kg7 32. Qc4 d3+ 33. Qc5 Qxc5+ 34. Rxc5 g4 35. Rxe5 1-0

[Event "Nuremberg Zabo op 17th"]
[Site "Nuremberg"]
[Date "2015.09.21"]
[Round "5"]
[White "Grasser, Stefan"]
[Black "Hoffmann, Winfried"]
[Result "1-0"]
[WhiteElo "1652"]
[BlackElo "1457"]
[PlyCount "73"]
[EventDate "2015.09.21"]
[EventType "swiss"]
[EventRounds "5"]
[EventCountry "GER"]
[SourceTitle "EXT 2018"]
[Source "ChessBase"]
[SourceDate "2017.10.13"]
[SourceVersion "1"]
[SourceVersionDate "2017.10.13"]
[SourceQuality "1"]

1. c4 Nf6 2. Nc3 d5 3. cxd5 Nxd5 4. g3 Nxc3 5. bxc3 Bd7 6. Bg2 Bc6 7. Nf3 g6 8. 0-0 Bg7 9. a4 0-0 10. Ba3 Re8 11. Qc2 a5 12. Rfe1 Qd7 13. Bb2 Na6 14. d4 e6 15. e4 b6 16. Bh3 f5 17. Nd2 Bb7 18. Bg2 Rad8 19. Re2 Rc8 20. Nc4 Qd8 21. Qb3 Nb8 22. Nxa5 Bxe4 23. Bxe4 fxe4 24. Nc4 Qd5 25. Nd2 Qxb3 26. Nxb3 c5 27. Rxe4 cxd4 28. Nxd4 Rc4 29. Rxe6 Rxe6 30. Nxe6 Bxc3 31. Rc1 Rc6 32. Rxc3 Rxc3 33. Bxc3 h6 34. Bd4 Kf7 35. Nf4 Nd7 36. Nd5 Nc5 37. Nxb6 1-0

[Event "Niedersachsen-ch op-B"]
[Site "Verden"]
[Date "2015.01.04"]
[Round "6"]
[White "Grasser, Stefan"]
[Black "Kieselbach, Petra"]
[Result "1-0"]
[WhiteElo "1784"]
[BlackElo "1504"]
[PlyCount "83"]
[EventDate "2015.01.02"]
[EventType "swiss"]
[EventRounds "7"]
[EventCountry "GER"]
[SourceTitle "EXT 2018"]
[Source "ChessBase"]
[SourceDate "2017.10.13"]
[SourceVersion "1"]
[SourceVersionDate "2017.10.13"]
[SourceQuality "1"]

1. c4 e5 2. g3 c5 3. Bg2 g6 4. Nc3 Bg7 5. e4 Nc6 6. Nge2 d6 7. 0-0 Be6 8. d3 Qd7 9. Rb1 Bh3 10. Nd5 Bxg2 11. Kxg2 h6 12. b4 Nge7 13. b5 Nd4 14. Nxe7 Qxe7 15. Nxd4 exd4 16. f4 0-0 17. f5 Kh7 18. Rb2 g5 19. Rbf2 f6 20. h4 gxh4 21. gxh4 Rg8 22. Kh3 Qf7 23. Rg1 Bh8 24. Rfg2 Rxg2 25. Rxg2 Rg8 26. Qg1 Rxg2 27. Qxg2 Bg7 28. Bf4 Bf8 29. Qg3 Qe7 30. Qg6+ Kh8 31. Bxh6 Bxh6 32. Qxh6+ Kg8 33. h5 Qg7 34. Qg6 Qxg6 35. fxg6 Kg7 36. Kg4 a5 37. a4 b6 38. Kf5 d5 39. exd5 Kg8 40. Kxf6 Kh8 41. d6 Kg8 42. d7 1-0

[Event "Nuremberg Zabo op 16th"]
[Site "Nuremberg"]
[Date "2014.09.20"]
[Round "2"]
[White "Grasser, Stefan"]
[Black "Bauer, Martin2222"]
[Result "1-0"]
[WhiteElo "1612"]
[BlackElo "1353"]
[PlyCount "32"]
[EventDate "2014.09.19"]
[EventType "swiss"]
[EventRounds "5"]
[EventCountry "GER"]
[SourceTitle "EXT 2018"]
[Source "ChessBase"]
[SourceDate "2017.10.13"]
[SourceVersion "1"]
[SourceVersionDate "2017.10.13"]
[SourceQuality "1"]

1. c4 c5 2. Nc3 Nc6 3. g3 d6 4. Bg2 g6 5. e4 Bg7 6. Nge2 Nf6 7. 0-0 0-0 8. d3 e5 9. h3 Be6 10. f4 exf4 11. gxf4 Qc8 12. Kh2 Nh5 13. Qe1 f5 14. Ng3 Nf6 15. Nd5 Rb8 16. Rb1 Nd4 1-0

[Event "Nuremberg Zabo op 14th"]
[Site "Nuremberg"]
[Date "2012.09.15"]
[Round "2.40"]
[White "Grasser, Stefan"]
[Black "Siegl, Adrian"]
[Result "0-1"]
[WhiteElo "1607"]
[BlackElo "1659"]
[PlyCount "112"]
[EventDate "2012.09.14"]
[EventType "swiss"]
[EventRounds "5"]
[EventCountry "GER"]
[SourceTitle "EXT 2022"]
[Source "ChessBase"]
[SourceDate "2021.10.06"]
[SourceVersion "1"]
[SourceVersionDate "2021.10.06"]
[SourceQuality "1"]

1. c4 c5 2. Nc3 Nc6 3. g3 d6 4. Bg2 g6 5. e4 Bg7 6. Nge2 e5 7. 0-0 Nge7 8. h3 0-0 9. d3 f5 10. f4 a6 11. Rb1 Rb8 12. Nd5 Nxd5 13. cxd5 Nd4 14. Nxd4 cxd4 15. Bd2 Bd7 16. Bb4 Qb6 17. Ba3 Rfc8 18. Qd2 Rc7 19. Bb4 Rcc8 20. Rbc1 Bf8 21. Ba5 Qb5 22. Bc7 Ra8 23. fxe5 dxe5 24. Bxe5 Bg7 25. Bc7 fxe4 26. dxe4 d3 27. d6 Qxb2 28. Qxb2 Bxb2 29. Rb1 Bd4+ 30. Kh2 d2 31. Bf3 Rf8 32. Be2 Rxf1 33. Rxf1 Rf8 34. Rxf8+ Kxf8 35. Ba5 Be5 36. Bb4 Kf7 37. Bc4+ Kf6 38. Bb3 Be6 39. Bxd2 Bxd6 40. Kg2 Bxb3 41. axb3 Ke5 42. Kf3 Kd4 43. Bf4 Be5 44. h4 h5 45. b4 b6 46. Be3+ Kc4 47. Bxb6 Kxb4 48. g4 a5 49. Bd8 a4 50. g5 a3 51. Bf6 Bc3 52. Be7+ Kb3 53. Bxa3 Kxa3 54. Kf4 Kb4 55. e5 Kc5 56. Ke4 Be1 0-1

[Event "Nuremberg LGA Cup 6th"]
[Site "Nuremberg"]
[Date "2009.09.05"]
[Round "5"]
[White "Grasser, Stefan"]
[Black "Werner, Thomas1111"]
[Result "0-1"]
[WhiteElo "1820"]
[BlackElo "2049"]
[PlyCount "132"]
[EventDate "2009.09.03"]
[EventType "swiss"]
[EventRounds "7"]
[EventCountry "GER"]
[SourceTitle "CBM 132 Extra"]
[Source "ChessBase"]
[SourceDate "2009.11.03"]
[SourceVersion "1"]
[SourceVersionDate "2009.11.03"]
[SourceQuality "1"]

1. c4 c6 2. Nc3 d5 3. cxd5 cxd5 4. d4 e5 5. e4 dxe4 6. dxe5 Qxd1+ 7. Kxd1 Bf5 8. Nd5 Kd7 9. Bf4 Nc6 10. Bb5 Rd8 11. Ke2 a6 12. Bxc6+ bxc6 13. Ne3 Be6 14. f3 exf3+ 15. Nxf3 Bc5 16. Rhc1 Bxe3 17. Bxe3 Ne7 18. Bg5 Bd5 19. Rc3 Rb8 20. b3 Rhe8 21. Bxe7 Rxe7 22. Kf2 Kc7 23. Rac1 Kb6 24. a3 Rc8 25. b4 Rcc7 26. Re1 c5 27. Rd3 Bxf3 28. gxf3 cxb4 29. axb4 Kb5 30. f4 Rc4 31. Kg3 Kxb4 32. Rb1+ Kc5 33. Ra3 Ra7 34. Ra5+ Kc6 35. Rb8 Kc7 36. Rb3 g6 37. h4 h5 38. Kf3 Kd7 39. Rb6 Rc6 40. Rxc6 Kxc6 41. f5 Kb6 42. Ra1 a5 43. fxg6 fxg6 44. e6 Re7 45. Re1 Kc6 46. Kf4 Kd6 47. Re5 a4 48. Ra5 Kxe6 49. Kg5 Kf7 50. Rxa4 Re5+ 51. Kf4 Rf5+ 52. Kg3 Rf1 53. Kg2 Rf5 54. Kg3 Rf1 55. Kg2 Rd1 56. Ra5 Kf6 57. Rb5 Rd4 58. Kg3 Rg4+ 59. Kh3 Re4 60. Kg3 Re5 61. Rb4 Kf5 62. Rf4+ Ke6 63. Ra4 Re1 64. Kf4 Rf1+ 65. Kg5 Rg1+ 66. Kf4 Rg4+ 0-1

[Event "Nuremberg LGA Cup 6th"]
[Site "Nuremberg"]
[Date "2009.09.04"]
[Round "2"]
[White "Hirschinger, Thomas"]
[Black "Grasser, Stefan"]
[Result "1-0"]
[WhiteElo "2087"]
[BlackElo "1820"]
[PlyCount "49"]
[EventDate "2009.09.03"]
[EventType "swiss"]
[EventRounds "7"]
[EventCountry "GER"]
[SourceTitle "CBM 132 Extra"]
[Source "ChessBase"]
[SourceDate "2009.11.03"]
[SourceVersion "1"]
[SourceVersionDate "2009.11.03"]
[SourceQuality "1"]

1. d4 d6 2. e4 Nf6 3. Bd3 c6 4. f4 g6 5. Nf3 Bg4 6. h3 Bxf3 7. Qxf3 Bg7 8. c3 Nbd7 9. e5 Nd5 10. Nd2 b5 11. 0-0 f5 12. Bxf5 gxf5 13. Qh5+ Kf8 14. Qxf5+ Ke8 15. Ne4 Nf8 16. Qh5+ Kd7 17. Qg4+ Ne6 18. f5 Rg8 19. fxe6+ Kc7 20. exd6+ exd6 21. Rf7+ Kb6 22. Rxg7 Rxg7 23. Qxg7 Qh4 24. Ng3 Re8 25. Bg5 1-0

[Event "Mittelfranken-ch QT 56th"]
[Site "Postbauer"]
[Date "2007.04.04"]
[Round "2"]
[White "Grasser, Stefan"]
[Black "Dennstaedt, Fabio"]
[Result "1-0"]
[WhiteElo "1619"]
[BlackElo "1366"]
[PlyCount "85"]
[EventDate "2007.04.04"]
[EventType "swiss"]
[EventRounds "7"]
[EventCountry "GER"]
[SourceTitle "EXT 2015"]
[Source "ChessBase"]
[SourceDate "2014.11.20"]
[SourceVersion "1"]
[SourceVersionDate "2014.11.20"]
[SourceQuality "1"]

1. c4 e5 2. Nc3 Nc6 3. g3 Bb4 4. Bg2 Nf6 5. e4 d6 6. Nge2 Bg4 7. f3 Be6 8. d3 Nd4 9. Nxd4 exd4 10. Qa4+ Nd7 11. Qxb4 dxc3 12. Qxc3 0-0 13. b3 Re8 14. 0-0 c6 15. d4 d5 16. e5 dxc4 17. bxc4 Nb6 18. c5 Nc4 19. Be3 Qd7 20. Rfd1 b6 21. Bf2 Qc7 22. Bf1 Na5 23. cxb6 axb6 24. d5 Bf5 25. d6 Qd8 26. g4 Bg6 27. f4 f5 28. g5 h6 29. gxh6 gxh6 30. Bc4+ Kh7 31. Re1 Nxc4 32. Qxc4 Rg8 33. Kf1 c5 34. Re3 Qd7 35. Rd1 Rge8 36. e6 Qd8 37. e7 Qd7 38. h4 Kg7 39. Ke2 Bf7 40. Qc3+ Kg8 41. Rg3+ Bg6 42. Rxg6+ Kf7 43. Qf6# 1-0